<?xml version="1.0" encoding="UTF-8"?>
<record
    xmlns:xsi="http://www.w3.org/2001/XMLSchema-instance"
    xsi:schemaLocation="http://www.loc.gov/MARC21/slim http://www.loc.gov/standards/marcxml/schema/MARC21slim.xsd"
    xmlns="http://www.loc.gov/MARC21/slim">

  <leader>01468nam a22003857a 4500</leader>
  <controlfield tag="001">BRCA_9261</controlfield>
  <controlfield tag="003">FranzMayer</controlfield>
  <controlfield tag="005">20230717140144.0</controlfield>
  <controlfield tag="008">230714b        |||||||| |||| 00| 0 eng d</controlfield>
  <datafield tag="020" ind1=" " ind2=" ">
    <subfield code="a">En tr&#xE1;mite</subfield>
  </datafield>
  <datafield tag="040" ind1=" " ind2=" ">
    <subfield code="a">MFM</subfield>
    <subfield code="b">esp</subfield>
    <subfield code="c">MFM</subfield>
  </datafield>
  <datafield tag="041" ind1=" " ind2=" ">
    <subfield code="a">esp</subfield>
  </datafield>
  <datafield tag="050" ind1=" " ind2="0">
    <subfield code="a">PQ601</subfield>
    <subfield code="b">C53 2018</subfield>
  </datafield>
  <datafield tag="110" ind1="1" ind2=" ">
    <subfield code="4">Editorial</subfield>
    <subfield code="a">Universidad del Claustro de Sor Juana</subfield>
    <subfield code="b">Estudios de Cultura Virreinal</subfield>
    <subfield code="9">28786</subfield>
  </datafield>
  <datafield tag="240" ind1="1" ind2=" ">
    <subfield code="a">Prolija Memoria Mayo 2018</subfield>
  </datafield>
  <datafield tag="245" ind1="0" ind2=" ">
    <subfield code="a">Prolija Memoria</subfield>
    <subfield code="b">Mayo 2018</subfield>
  </datafield>
  <datafield tag="260" ind1=" " ind2=" ">
    <subfield code="a">CDMX, M&#xE9;xico</subfield>
    <subfield code="b">Universidad de Claustro de Sor Juana</subfield>
    <subfield code="c">2018</subfield>
  </datafield>
  <datafield tag="300" ind1=" " ind2=" ">
    <subfield code="a">174 p</subfield>
    <subfield code="c">23.5 cm</subfield>
  </datafield>
  <datafield tag="500" ind1=" " ind2=" ">
    <subfield code="a">L60/N5</subfield>
  </datafield>
  <datafield tag="505" ind1="0" ind2=" ">
    <subfield code="a">Destinado a: Investigadores, historiadores, soci&#xF3;logos, fil&#xF3;logosTexto en: espa&#xF1;olIncluye &#xED;ndice (tem&#xE1;tico)Bibliograf&#xED;a 159-160 p</subfield>
  </datafield>
  <datafield tag="610" ind1="1" ind2=" ">
    <subfield code="2">Editorial colaboradora</subfield>
    <subfield code="a">UNAM</subfield>
    <subfield code="b">Facultad de filosof&#xED;a y letras</subfield>
    <subfield code="9">28787</subfield>
  </datafield>
  <datafield tag="650" ind1="1" ind2=" ">
    <subfield code="2">Literatura</subfield>
    <subfield code="a">Literatura espa&#xF1;ola</subfield>
    <subfield code="v">&#xC9;poca virreinal</subfield>
    <subfield code="9">28788</subfield>
  </datafield>
  <datafield tag="651" ind1="2" ind2=" ">
    <subfield code="2">Nueva Espa&#xF1;a</subfield>
    <subfield code="a">Virreinal</subfield>
    <subfield code="v">Literatura</subfield>
    <subfield code="9">28789</subfield>
  </datafield>
  <datafield tag="700" ind1="1" ind2=" ">
    <subfield code="4">Col.</subfield>
    <subfield code="a">Beuchot, Mauricio</subfield>
    <subfield code="9">28790</subfield>
  </datafield>
  <datafield tag="700" ind1="1" ind2=" ">
    <subfield code="4">Col.</subfield>
    <subfield code="a">Ramos, Manuel</subfield>
    <subfield code="9">28791</subfield>
  </datafield>
  <datafield tag="700" ind1="1" ind2=" ">
    <subfield code="4">Col.</subfield>
    <subfield code="a">Maniaci, Ileana</subfield>
    <subfield code="9">28792</subfield>
  </datafield>
  <datafield tag="700" ind1="1" ind2=" ">
    <subfield code="4">Col.</subfield>
    <subfield code="a">Ruiz, Facundo</subfield>
    <subfield code="9">28793</subfield>
  </datafield>
  <datafield tag="700" ind1="1" ind2=" ">
    <subfield code="4">Col.</subfield>
    <subfield code="a">Guti&#xE9;rrez, Jorge</subfield>
    <subfield code="9">28794</subfield>
  </datafield>
  <datafield tag="700" ind1="1" ind2=" ">
    <subfield code="4">Col.</subfield>
    <subfield code="a">Morales, Wendy</subfield>
    <subfield code="9">28795</subfield>
  </datafield>
  <datafield tag="700" ind1="1" ind2=" ">
    <subfield code="4">Col.</subfield>
    <subfield code="a">Sabat, Georgina</subfield>
    <subfield code="9">28796</subfield>
  </datafield>
  <datafield tag="700" ind1="1" ind2=" ">
    <subfield code="4">Col.</subfield>
    <subfield code="a">Revueltas, Eugenia</subfield>
    <subfield code="9">28797</subfield>
  </datafield>
  <datafield tag="700" ind1="1" ind2=" ">
    <subfield code="4">Col.</subfield>
    <subfield code="a">Rodilla, Mar&#xED;a Jos&#xE9;</subfield>
    <subfield code="9">28798</subfield>
  </datafield>
  <datafield tag="700" ind1="1" ind2=" ">
    <subfield code="4">Col.</subfield>
    <subfield code="a">Espinosa, M&#xF3;nica</subfield>
    <subfield code="9">28799</subfield>
  </datafield>
  <datafield tag="942" ind1=" " ind2=" ">
    <subfield code="2">lcc</subfield>
    <subfield code="c">H</subfield>
  </datafield>
  <datafield tag="999" ind1=" " ind2=" ">
    <subfield code="c">10880</subfield>
    <subfield code="d">10880</subfield>
  </datafield>
  <datafield tag="952" ind1=" " ind2=" ">
    <subfield code="0">0</subfield>
    <subfield code="1">0</subfield>
    <subfield code="2">lcc</subfield>
    <subfield code="4">0</subfield>
    <subfield code="7">0</subfield>
    <subfield code="8">FCON</subfield>
    <subfield code="a">BRCA</subfield>
    <subfield code="b">BRCA</subfield>
    <subfield code="d">2023-07-14</subfield>
    <subfield code="e">Donaci&#xF3;n</subfield>
    <subfield code="l">0</subfield>
    <subfield code="o">PQ601 C53 2018</subfield>
    <subfield code="p">CONT10059</subfield>
    <subfield code="r">2023-07-14 00:00:00</subfield>
    <subfield code="t">1</subfield>
    <subfield code="w">2023-07-14</subfield>
    <subfield code="y">H</subfield>
  </datafield>
</record>
